000
00183nam a2200085 4500
001
1258366
005
20260310100703.0
245
_a
EŞREF SAAT
_c
ŞEVKET RADO
260
_b
BİLGE YAYINLARI
999
_c
1258366
_d
1258366